[Event "1st Killer Chess Training Open 2023"]
[Site "Copenhagen"]
[Date "2023.10.17"]
[Round "4.4"]
[White "Loftgaard, Mikkel Vinh"]
[Black "Halmeenmaki, Tuomo"]
[Result "1-0"]
[WhiteElo "2151"]
[BlackElo "2067"]
[EventDate "2023.10.14"]
[EventType "swiss"]
[EventRounds "9"]
[EventCountry "DEN"]
[SourceTitle "Live v. Obro Skakforening"]

1. e4   e5  2. Nf3   Nc6  3. Bc4   Nf6  4. d3   Be7  5. c3   O-O  6. O-O   d5  7. exd5   Nxd5  8. Re1   Bg4  9. h3   Bh5  10. Nbd2  10... Kh8  11. Nf1   f6  12. Ng3   Bf7  13. Bb3   Qd7  14. d4   exd4  15. Nxd4   Nxd4  16. Qxd4   c5  17. Qg4   Qxg4  18. hxg4   Bd8  19. Ne4   b6  20. Nd6  20... Bg8  21. Rd1   Ne7  22. Bf4   Ng6  23. Bh2   Be7  24. Bc2   Bxd6  25. Bxd6   Rfe8  26. Bd3   Be6  27. Bb5   Rg8  28. f3   Rad8  29. Bc7   Rc8  30. Bg3  30... Rcd8  31. a4   Bb3  32. Rxd8   Rxd8  33. a5   Ne5  34. axb6   axb6  35. Ra6   Rb8  36. Ra7   Kg8  37. Bxe5   fxe5  38. Re7   Rd8  39. Rxe5   Rd2  40. Re8+  40... Kf7  41. Rb8   Rd6  42. Kf2   h6  43. Ke3   Re6+  44. Kf2   g5  45. Bd3   Kf6  46. Be4   Ke5  47. Ke3   Kf6  48. Kf2   Ke5  49. Rd8   Bc4  50. Bf5  50... Rc6  51. g3   b5  52. Ke3   b4  53. Rh8   Rf6  54. Rc8   Be6  55. Rxc5+   Kd6  56. Ra5   Bxf5  57. Ra6+   Kd5  1-0

[Event "1st Killer Chess Training Open 2023"]
[Site "Copenhagen"]
[Date "2023.10.17"]
[Round "4.5"]
[White "Haubro, Martin"]
[Black "Arizmendi Martinez, Julen Luis"]
[Result "0-1"]
[WhiteElo "2405"]
[BlackElo "2515"]
[EventDate "2023.10.14"]
[EventType "swiss"]
[EventRounds "9"]
[EventCountry "DEN"]
[SourceTitle "Live v. Obro Skakforening"]

1. e4   c6  2. d4   d5  3. e5   Bf5  4. Nd2   e6  5. Nb3   Nd7  6. Nf3   a6  7. Be2   h6  8. O-O   Rc8  9. c3   Bh7  10. Be3  10... Ne7  11. Nc1   c5  12. Bd3   Bxd3  13. Nxd3   Nf5  14. g4   Nh4  15. Nxh4   Qxh4  16. f4   h5  17. g5   Qh3  18. Rf3   Qf5  19. Nxc5   Bxc5  20. dxc5  20... Nxc5  21. Bxc5   Rxc5  22. Qd3   Qxd3  23. Rxd3   O-O  24. Rad1   Re8  25. Kf2   Kh7  26. Kf3   Kg6  27. Rd4   Rec8  28. Ke3   b5  29. a3   Rc4  30. Rxc4  30... bxc4  31. Rd2   Rb8  32. h3   Kf5  33. Rf2   Rb7  34. Kd4   Rc7  35. Rf1   Rb7  36. Rf2   Rb8  37. Ke3   h4  38. Rg2   a5  39. Rf2   Rd8  40. Rd2  40... a4  41. Rd1   Rb8  42. Rd2   d4+  43. Rxd4   Rxb2  44. Rd7   Kg6  45. Kf3   Rc2  46. Kg4   Rxc3  47. Rc7   Rxa3  48. Rxc4   Ra1  49. Rc6   Rg1+  50. Kxh4  50... a3  51. Ra6   Ra1  52. Kg3   Kf5  53. Ra4   g6  54. Kh2   Rf1  55. Kg3   Ra1  56. Kh2   Re1  57. Rxa3   Kxf4  58. Ra7   Re2+  59. Kh1   Rxe5  60. Rxf7+  60... Kg3  0-1

[Event "1st Killer Chess Training Open 2023"]
[Site "Copenhagen"]
[Date "2023.10.17"]
[Round "4.6"]
[White "Vuelban, Virgilio"]
[Black "Castellanos Rodriguez, Reiner"]
[Result "1/2-1/2"]
[WhiteElo "2232"]
[BlackElo "2487"]
[EventDate "2023.10.14"]
[EventType "swiss"]
[EventRounds "9"]
[EventCountry "DEN"]
[SourceTitle "Live v. Obro Skakforening"]

1. Nf3   Nf6  2. c4   g6  3. Nc3   Bg7  4. d4   O-O  5. e4   d6  6. Be2   e5  7. O-O   Bg4  8. d5   a5  9. Be3   Na6  10. Rc1  10... b6  11. b3   Bd7  12. a3   Qe8  13. Nd2   h5  14. Rb1   Ng4  15. Bg5   f6  16. Bh4   Nh6  17. b4   Nf7  18. f3   f5  19. Bf2   f4  20. c5  20... axb4  21. axb4   bxc5  22. Bxa6   Rxa6  23. bxc5   dxc5  24. Bxc5   Nd6  25. Qb3   g5  26. Nc4   g4  27. Bxd6   cxd6  28. Qb7   Bc8  29. Qc7   gxf3  30. Rxf3  30... Bg4  31. Nxd6   Qg6  32. Nf5   Bxf5  33. exf5   Qxf5  34. d6   Rf7  35. Qb8+   Bf8  36. Re1   Rxd6  37. Ne4   Rg6  38. Qb3   h4  39. h3   Kh7  40. Qd3  40... Rd7  41. Qc2   Bb4  42. Re2   Rdg7  43. Kh1   Ba5  44. Qd3   Bb6  45. Rf1   Bd4  46. Qf3   Ra7  47. Rc2   Kh6  48. Re2   Rga6  49. Nf2   Bxf2  50. Qxf2  50... Qg5  51. Qc5   Re7  52. Qc8   Qf6  53. Qc3   e4  54. Qe1   Rae6  55. Qc1   Rf7  56. Qe1   Rfe7  57. Qc1   Kg5  58. Ref2   e3  59. Re2   Rc6  60. Qd1  60... Qd6  61. Qa4   Rc5  62. Rf3   Rf5  63. Kh2   Kh6  64. Qc4   Qg6  65. Ra2   Kg7  66. Re2   Ref7  67. Qc8   Qd6  68. Ra2   Rg5  69. Qc3+   Qe5  70. Qd3  70... Rg6  71. Qf1   Rg3  72. Qd1   Re7  73. Re2   Kh6  74. Qf1   Ra7  75. Rc2   Rg6  76. Qd3   Re7  77. Re2   Rg3  78. Qa6+   Re6  79. Qa8   Kh7  80. Qb7+  80... Re7  81. Qb1+   Qe4  82. Qxe4+   Rxe4  83. Rf1   Rd4  84. Ra1   Rd2  85. Rxd2   exd2  86. Rd1   Rd3  87. Kg1   Kg6  88. Kf2   Kf5  89. Ke2   Rg3  90. Kf1  90... Rd3  91. Ke2   Ke4  92. Rxd2   Rxd2+  93. Kxd2   f3  94. Ke1   fxg2  95. Kf2   Kf4  96. Kxg2   Ke3  97. Kg1   Kf3  98. Kh2   Kf2  99. Kh1   Kf1  100. Kh2  1/2-1/2

[Event "1st Killer Chess Training Open 2023"]
[Site "Copenhagen"]
[Date "2023.10.17"]
[Round "4.7"]
[White "Roe, Simon J"]
[Black "Chatalbashev, Boris"]
[Result "0-1"]
[WhiteElo "2161"]
[BlackElo "2467"]
[EventDate "2023.10.14"]
[EventType "swiss"]
[EventRounds "9"]
[EventCountry "DEN"]
[SourceTitle "Live v. Obro Skakforening"]

1. Nf3   g6  2. c4   Bg7  3. g3   c5  4. Bg2   Nc6  5. Nc3   e6  6. d4   cxd4  7. Nb5   d5  8. cxd5   Qa5+  9. Qd2   Qxb5  10. dxc6  10... Qxc6  11. O-O   Qb6  12. b3   e5  13. Ba3   e4  14. Ng5   f5  15. Rac1   h6  16. Nxe4   fxe4  17. Bxe4   Ne7  18. Bc5   Qe6  19. Bd3   Bd7  20. Bc4  20... Qe4  21. Bd3   Qd5  22. e4   Qf7  23. Bc4   Be6  24. Bb5+   Nc6  25. f4   Bh3  26. Rfe1   a6  27. Bc4   Be6  28. Bd3   Bf8  29. f5   Bxc5  30. Rxc5  30... Bd7  31. fxg6   Qxg6  32. e5   Bf5  33. Bf1   O-O  34. e6   Bxe6  35. Bd3   Bf5  36. Re6   Qxe6  37. Bc4   Qxc4  38. Rxc4   Rf6  39. Kg2   Raf8  40. Rxd4  40... Nxd4  41. Qxd4   Be6  42. Qd1  0-1

[Event "1st Killer Chess Training Open 2023"]
[Site "Copenhagen"]
[Date "2023.10.17"]
[Round "4.9"]
[White "Moe, Mogens"]
[Black "Jacobsen, Mikkel Manosri"]
[Result "0-1"]
[WhiteElo "2103"]
[BlackElo "2321"]
[EventDate "2023.10.14"]
[EventType "swiss"]
[EventRounds "9"]
[EventCountry "DEN"]
[SourceTitle "Live v. Obro Skakforening"]

1. e4   c5  2. Nf3   Nf6  3. Nc3   d5  4. e5   Nfd7  5. d4   cxd4  6. Qxd4   e6  7. Qg4   Nc6  8. Bb5   Qc7  9. Bf4   a6  10. Bxc6  10... bxc6  11. O-O   g6  12. Rfe1   Bg7  13. Qh4   h6  14. Qh3   a5  15. Nd4   Ke7  16. Bg3   Ba6  17. Rad1   Rhe8  18. f4   Kf8  19. Kh1   Qb7  20. b3  20... c5  21. Nf3   Nb6  22. Bh4   Kg8  23. Bf6   Bf8  24. Qg4   Nc8  25. Nh4   Ne7  26. Bxe7   Qxe7  27. f5   Qg5  28. Qxg5   hxg5  29. fxe6   gxh4  30. Nxd5  30... Rxe6  31. Nc7   Rae8  32. Nxe8   Rxe8  33. Rd7   Re6  34. h3   f6  35. Re4   fxe5  36. Rd5   Bd6  37. Rxh4   Bb7  38. Rd2   e4  39. c4   e3  40. Re2  40... Be4  41. Rxe4   Rxe4  42. g4   Be5  43. Kg2   Bd4  44. Kf3   Re8  45. a3   Rb8  0-1

[Event "1st Killer Chess Training Open 2023"]
[Site "Copenhagen"]
[Date "2023.10.17"]
[Round "4.10"]
[White "Holinka, Henning"]
[Black "Skonnord, Uno"]
[Result "0-1"]
[WhiteElo "2263"]
[BlackElo "2100"]
[EventDate "2023.10.14"]
[EventType "swiss"]
[EventRounds "9"]
[EventCountry "DEN"]
[SourceTitle "Live v. Obro Skakforening"]

1. e4   e5  2. Nf3   Nc6  3. Bc4   Bc5  4. c3   Nf6  5. d3   d6  6. b4   Bb6  7. a4   a5  8. b5   Ne7  9. O-O   Ng6  10. Be3  10... Bxe3  11. fxe3   O-O  12. Qb3   Qe7  13. Nbd2   Be6  14. Rae1   Nd7  15. d4   Nb6  16. Kh1   Nxc4  17. Nxc4   b6  18. Nfd2   Kh8  19. Qc2   Qg5  20. Nf3  20... Qh5  21. Ncd2   f5  22. c4   f4  23. c5   fxe3  24. Rxe3   dxc5  25. dxc5   Rad8  26. cxb6   cxb6  27. Qc7   Nf4  28. Nxe5   Rc8  29. Qd6   Rfd8  30. Qxb6  30... Qxe5  31. Qxa5   Qd4  32. Ref3   Nxg2  33. R1f2   Nh4  34. Rf4   Qe3  35. Nf1   Qc5  36. Qe1   Ng6  37. R4f3   Ne5  38. Rg3   Nd3  39. Rxd3   Rxd3  40. Qe2  40... Rdd8  41. Qb2   Rf8  42. Rxf8+   Rxf8  43. Ng3   Bh3  44. b6   Qe3  45. Nf5   Qxe4+  46. Kg1   Qxf5  47. Qxg7+   Kxg7  0-1

[Event "1st Killer Chess Training Open 2023"]
[Site "Copenhagen"]
[Date "2023.10.17"]
[Round "4.11"]
[White "Sgircea, Silvia Raluca"]
[Black "Semprun Martinez, Fernando"]
[Result "1-0"]
[WhiteElo "2225"]
[BlackElo "2064"]
[EventDate "2023.10.14"]
[EventType "swiss"]
[EventRounds "9"]
[EventCountry "DEN"]
[SourceTitle "Live v. Obro Skakforening"]

1. Nf3   Nf6  2. c4   g6  3. g3   c6  4. d4   d5  5. Qb3   Bg7  6. Bg2   O-O  7. O-O   Qb6  8. Nc3   dxc4  9. Qxc4   Be6  10. Qd3  10... Na6  11. e4   Nb4  12. Qe2   Rad8  13. h3   Qa6  14. Qxa6   Nxa6  15. a3   Bc4  16. Re1   c5  17. d5   Nc7  18. Bf4   Na6  19. Rac1   Nh5  20. Bg5  20... f6  21. Be3   f5  22. Ng5   e5  23. Ne6   f4  24. Bd2   fxg3  25. fxg3   Nxg3  26. Nxd8   Rxd8  27. Bf3   Bf6  28. Kh2  1-0

[Event "1st Killer Chess Training Open 2023"]
[Site "Copenhagen"]
[Date "2023.10.17"]
[Round "4.12"]
[White "Thorsen, Adrian Stenstrop"]
[Black "Lauritsen, Martin Lee"]
[Result "0-1"]
[WhiteElo "2165"]
[BlackElo "2088"]
[EventDate "2023.10.14"]
[EventType "swiss"]
[EventRounds "9"]
[EventCountry "DEN"]
[SourceTitle "Live v. Obro Skakforening"]

1. e4   c5  2. Nf3   Nc6  3. Bb5   e6  4. O-O   Nge7  5. d4   cxd4  6. Nxd4   Qb6  7. Nxc6   bxc6  8. Ba4   Ng6  9. Bb3   Be7  10. Nc3  10... O-O  11. Be3   Qc7  12. f4   d5  13. f5   Ne5  14. fxe6   Bxe6  15. exd5   Ng4  16. Bf4   Qb6+  17. Kh1   Rad8  18. Qf3   cxd5  19. Bxd5   Bxd5  20. Nxd5  20... Rxd5  21. Qxd5   Nf2+  22. Rxf2   Qxf2  23. Qe4   Bf6  24. Be3   Qe2  25. Qd3   Qg4  26. Bxa7   Qa4  27. Bc5   Rc8  28. Rd1   h5  29. Qf5   Re8  30. b4  30... Qxa2  31. Qd3   Qe6  32. Qf3   h4  33. Bg1   Qc4  34. Qb3   Qg4  35. Rf1   Re2  36. Qf3   Qc4  37. Bc5   Rxc2  38. Re1   Rc1  39. Rxc1   Qxc1+  40. Bg1  40... Qb1  41. Qe3   Qxb4  42. Qe8+   Qf8  43. Qe4   Qd8  44. Qf3   g6  45. g3   hxg3  46. hxg3   Kg7  47. Bf2   Qe7  48. Kg2   Qe6  49. Qe3   Be5  50. Qf3  50... f5  51. Qb7+   Kh6  52. Be3+   g5  53. Qb6   Bd6  54. Qd4   Kg6  55. Kf2   Bc7  56. Kf3   Qc6+  57. Kf2   Qh1  58. Qc4   Qh2+  59. Kf1   Qh3+  60. Ke2  60... Qg2+  61. Bf2   Bxg3  62. Qe6+   Kh5  63. Qxf5   Qxf2+  64. Qxf2   Bxf2  65. Kxf2   Kh4  0-1

[Event "1st Killer Chess Training Open 2023"]
[Site "Copenhagen"]
[Date "2023.10.18"]
[Round "5.1"]
[White "Hector, Jonny"]
[Black "Rasmussen, Allan Stig"]
[Result "1-0"]
[WhiteElo "2436"]
[BlackElo "2510"]
[EventDate "2023.10.14"]
[EventType "swiss"]
[EventRounds "9"]
[EventCountry "DEN"]
[SourceTitle "Live v. Obro Skakforening"]

1. e4   c5  2. Nf3   e6  3. d4   cxd4  4. Nxd4   Nc6  5. Nc3   Qc7  6. Be3   a6  7. g4   h6  8. Rg1   Nf6  9. Nxc6   bxc6  10. Qf3  10... Bd6  11. g5   hxg5  12. Rxg5   Be5  13. O-O-O   d5  14. Rxg7   dxe4  15. Qg2   Rb8  16. Bc4   c5  17. f4   exf3  18. Qxf3   Rb4  19. Bb3   Bb7  20. Qf1  20... Ng4  21. Bxc5   Rf4  22. Qd3   Bxg7  23. Bd6   Ne5  24. Qg3   Rg4  25. Bxc7   Rxg3  26. hxg3   Ke7  27. Bd6+   Kf6  28. Ne2   Kg5  29. Rf1   Rh1  30. Rxh1  30... Bxh1  31. Kd2   Nf3+  32. Ke3   Bxb2  33. c3   Kg4  34. Bd1   Kf5  35. g4+   Kxg4  36. Ng3   Ba3  37. Nxh1   Bxd6  38. Bxf3+   Kg5  39. Nf2   f5  40. Kd4  40... Bh2  41. Nd3   Kf6  42. Nc5   a5  43. a4   Bg1+  44. Kc4   e5  45. Nb3   e4  46. Bg2   Ke5  47. Nxa5   Kf4  48. Bh3  1-0

[Event "1st Killer Chess Training Open 2023"]
[Site "Copenhagen"]
[Date "2023.10.18"]
[Round "5.2"]
[White "Brunello, Sabino"]
[Black "Loftgaard, Mikkel Vinh"]
[Result "1-0"]
[WhiteElo "2486"]
[BlackElo "2151"]
[EventDate "2023.10.14"]
[EventType "swiss"]
[EventRounds "9"]
[EventCountry "DEN"]
[SourceTitle "Live v. Obro Skakforening"]

1. e4   c5  2. Nf3   d6  3. d4   cxd4  4. Nxd4   Nf6  5. Nc3   a6  6. Be2   e5  7. Nf3   Be7  8. Bg5   Nbd7  9. a4   h6  10. Be3  10... O-O  11. Nd2   Nc5  12. Bc4   Be6  13. Bxe6   Nxe6  14. Nc4   b5  15. Nb6   Rb8  16. a5   b4  17. Ncd5   Nxe4  18. Nxb4   Bg5  19. Nc6   Bxe3  20. Nxd8  20... Nxf2  21. Nxe6   fxe6  22. Qxd6   Bxb6  23. axb6   Nxh1  24. Rxa6   Kh8  25. Qxe5   Rg8  26. b7   Rxb7  27. Rxe6   Rf8  28. Re8   Rf7  29. Rxf8+   Rxf8  30. b4  30... Nf2  31. Qc5  1-0

[Event "1st Killer Chess Training Open 2023"]
[Site "Copenhagen"]
[Date "2023.10.18"]
[Round "5.3"]
[White "Arizmendi Martinez, Julen Luis"]
[Black "Chatalbashev, Boris"]
[Result "1/2-1/2"]
[WhiteElo "2515"]
[BlackElo "2467"]
[EventDate "2023.10.14"]
[EventType "swiss"]
[EventRounds "9"]
[EventCountry "DEN"]
[SourceTitle "Live v. Obro Skakforening"]

1. e4   c5  2. Nf3   Nc6  3. d4   cxd4  4. Nxd4   g6  5. c4   Nf6  6. Nc3   d6  7. f3   Bg7  8. Be3   O-O  9. Be2   e6  10. O-O  10... d5  11. cxd5   exd5  12. Nxc6   bxc6  13. e5   Nd7  14. f4   Qe7  15. Rc1   Rd8  16. Na4   d4  17. Qxd4   Nxe5  18. Qc5   Qxc5  19. Nxc5   Ng4  20. Bxg4  20... Bxg4  21. h3   Re8  22. Kf2   Be6  23. Nxe6   Rxe6  24. Rc2   a5  25. Rd1   a4  26. Bd4   Rd8  27. Rcd2   Red6  28. Ke3   Re8+  29. Kf3   Red8  30. Ke3  30... Re8+  31. Kf3   Red8  32. Ke4  1/2-1/2

[Event "1st Killer Chess Training Open 2023"]
[Site "Copenhagen"]
[Date "2023.10.18"]
[Round "5.4"]
[White "Hacker, Jonas"]
[Black "Castellanos Rodriguez, Reiner"]
[Result "1/2-1/2"]
[WhiteElo "2400"]
[BlackElo "2487"]
[EventDate "2023.10.14"]
[EventType "swiss"]
[EventRounds "9"]
[EventCountry "DEN"]
[SourceTitle "Live v. Obro Skakforening"]

1. e4   c5  2. Nf3   e6  3. d4   cxd4  4. Nxd4   Nc6  5. Nc3   Qc7  6. Be3   a6  7. Qd2   Nxd4  8. Bxd4   b5  9. O-O-O   Bb7  10. f3  10... Nf6  11. g4   Be7  12. g5   Nh5  13. Be5   Qxe5  14. Qxd7+   Kf8  15. Qxb7   Bxg5+  16. Kb1   Qb8  17. Rd7   Qxb7  18. Rxb7   Bf6  19. a4   Bxc3  20. bxc3  20... bxa4  21. Bc4   Rd8  22. Bxa6   Nf4  23. Rg1   h6  24. c4   g5  25. Bb5   Kg7  26. Kb2   Ne2  27. Ra1   Nd4  28. Rxa4   Nxf3  29. c5   g4  30. c6  30... Ne5  31. c7   Rc8  32. Kc3   h5  33. Kd4   Kf6  34. Ra1   Nf3+  35. Ke3   Ke7  36. Rd1   Ne5  37. Kf4   Kf6  38. Ra7   h4  39. Ba6   Rcg8  40. c8=Q  40... Rxc8  41. Bxc8   Rxc8  42. Ra5   Ng6+  43. Kxg4   Rxc2  44. Rf1+   Kg7  45. Ra7  1/2-1/2

[Event "1st Killer Chess Training Open 2023"]
[Site "Copenhagen"]
[Date "2023.10.18"]
[Round "5.6"]
[White "Jacobsen, Mikkel Manosri"]
[Black "Skonnord, Uno"]
[Result "0-1"]
[WhiteElo "2321"]
[BlackElo "2100"]
[EventDate "2023.10.14"]
[EventType "swiss"]
[EventRounds "9"]
[EventCountry "DEN"]
[SourceTitle "Live v. Obro Skakforening"]

1. g3   g6  2. Bg2   Bg7  3. d4   Nf6  4. c4   O-O  5. Nc3   Nc6  6. Nf3   d5  7. cxd5   Nxd5  8. O-O   Nb6  9. d5   Na5  10. Bf4  10... c6  11. dxc6   Nxc6  12. Rc1   Bf5  13. Nh4   Be6  14. b3   Rc8  15. Ne4   Qxd1  16. Rfxd1   Nd4  17. Kf1   Nd5  18. Bd2   Bg4  19. f3   Bd7  20. Kf2  20... Bb5  21. Bf1   Ne6  22. Ng2   Rfd8  23. h4   b6  24. a4   Ba6  25. b4   h6  26. b5   Bb7  27. Rxc8   Bxc8  28. g4   f5  29. gxf5   gxf5  30. Ng3  30... Nc3  31. Bxc3   Rxd1  32. Bb4   Bd4+  33. e3   Bc5  34. Bc3   f4  35. Nf5   fxe3+  36. Ke2   Rc1  37. Be5   Nf4+  38. Bxf4   Bxf5  39. Nxe3   Bxe3  40. Bxe3  40... Bd3+  41. Kxd3   Rxf1  42. Bxh6   Rxf3+  43. Kc4   Rg3  44. Kd5   Kf7  45. a5   Rd3+  46. Kc4   Rh3  47. axb6   Rxh4+  48. Kd5   Rh5+  49. Kc4   axb6  50. Be3  50... Ke6  51. Bxb6   Kd6  52. Bf2   Rf5  53. Bg3+   e5  54. b6   Rf1  55. Kb5   Rb1+  56. Ka6   Rb3  57. Bh2   Kc6  58. Ka7   e4  59. Bg1   e3  60. Bxe3  60... Ra3+  61. Kb8   Rxe3  62. b7   Re8+  63. Ka7   Kc7  0-1

[Event "1st Killer Chess Training Open 2023"]
[Site "Copenhagen"]
[Date "2023.10.18"]
[Round "5.7"]
[White "Zheng, Harry Z"]
[Black "Vuelban, Virgilio"]
[Result "1/2-1/2"]
[WhiteElo "2141"]
[BlackElo "2232"]
[EventDate "2023.10.14"]
[EventType "swiss"]
[EventRounds "9"]
[EventCountry "DEN"]
[SourceTitle "Live v. Obro Skakforening"]

1. e4   Nf6  2. e5   Ng8  3. d4   d6  4. Nf3   Bg4  5. exd6   Qxd6  6. Be2   Nc6  7. Be3   Nf6  8. O-O   Nd5  9. Nbd2   Nxe3  10. fxe3  10... Qh6  11. Kh1   O-O-O  12. Nc4   f6  13. Nfd2   Bxe2  14. Qxe2   e6  15. c3   Rd5  16. Qg4   f5  17. Qe2   b5  18. Na3   Bd6  19. h3   a6  20. c4  20... bxc4  21. Naxc4   Bg3  22. Rf3   Bh4  23. Rc1   Kb7  24. g3   Be7  25. Kg2   g5  26. g4   Qg6  27. Rff1   h5  28. gxf5   exf5  29. Nf3   g4  30. Nfe5  30... gxh3+  31. Kh1   Nxe5  32. Nxe5   Qg2+  33. Qxg2   hxg2+  34. Kxg2   Rg8+  35. Kf3  1/2-1/2

[Event "1st Killer Chess Training Open 2023"]
[Site "Copenhagen"]
[Date "2023.10.18"]
[Round "5.8"]
[White "Lauritsen, Martin Lee"]
[Black "Sgircea, Silvia Raluca"]
[Result "0-1"]
[WhiteElo "2088"]
[BlackElo "2225"]
[EventDate "2023.10.14"]
[EventType "swiss"]
[EventRounds "9"]
[EventCountry "DEN"]
[SourceTitle "Live v. Obro Skakforening"]

1. e4   c5  2. Nf3   Nc6  3. d4   cxd4  4. Nxd4   g6  5. c4   Bg7  6. Be3   Nf6  7. f3   d6  8. Qd2   a5  9. Nc3   a4  10. Ndb5  10... O-O  11. Rc1   Nd7  12. Be2   Nc5  13. O-O   Qa5  14. Rfd1   Rd8  15. Bf1   Bd7  16. Nd5   Qxd2  17. Rxd2   Be8  18. Rcd1   Nd7  19. Bg5   Kf8  20. h3  20... Rab8  21. Kf2   Rdc8  22. g3   b6  23. h4   h6  24. Be3   Na5  25. Rc2   Nc5  26. Ndc3   Bxb5  27. Nxb5   Nc6  28. Bh3   Rd8  29. Rcd2   Kg8  30. Rc1  30... Kh7  31. Ke2   h5  32. Bg2   Bh6  33. f4   Nb4  34. Ra1   Bg7  35. Bd4   Bxd4  36. Nxd4   Rdc8  37. a3   Nba6  38. Rad1   Nb7  39. Rc2   Na5  40. Rdc1  40... Nc5  41. Rc3   Ncb3  42. Nxb3   Nxb3  43. Ke3   Nxc1  44. Kd4  0-1

[Event "1st Killer Chess Training Open 2023"]
[Site "Copenhagen"]
[Date "2023.10.18"]
[Round "5.9"]
[White "Cherniack, Alex"]
[Black "Zander, Emil"]
[Result "1-0"]
[WhiteElo "2173"]
[BlackElo "2072"]
[EventDate "2023.10.14"]
[EventType "swiss"]
[EventRounds "9"]
[EventCountry "DEN"]
[SourceTitle "Live v. Obro Skakforening"]

1. d4   Nf6  2. c4   e6  3. Nc3   Bb4  4. e3   O-O  5. Bd3   d5  6. Nf3   dxc4  7. Bxc4   Bxc3+  8. bxc3   b6  9. Qe2   Bb7  10. O-O  10... Nbd7  11. Bd3   Re8  12. Nd2   e5  13. Bb2   e4  14. Bc2   Nf8  15. Rae1   Qd7  16. f3   exf3  17. gxf3   Ng6  18. Qf2   Qb5  19. Ba1   Qg5+  20. Kh1  20... Re7  21. e4   Nh5  22. c4   Nhf4  23. Bc3   c5  24. Rg1   Qh5  25. Rg3   cxd4  26. Qxd4   f6  27. Bb4   Qe5  28. Qxe5   Rxe5  29. Bd6   Ree8  30. c5  30... bxc5  31. Bb3+   Kh8  32. Nc4   Rad8  33. Rd1   Ba6  34. Rgg1   Bxc4  35. Bxc4   Ne5  36. Bb5   Rg8  37. Bxc5   a6  38. Bxa6   Ra8  39. Rd6   Rgd8  40. Rxd8+  40... Rxd8  41. a3   Ne6  42. Bb4   Nxf3  43. Rc1   Kg8  44. Bc4   Kf7  45. Bd5   Nd4  46. a4   Rb8  47. Rc4  1-0

[Event "1st Killer Chess Training Open 2023"]
[Site "Copenhagen"]
[Date "2023.10.18"]
[Round "5.10"]
[White "Halmeenmaki, Tuomo"]
[Black "Perets, Dmytro"]
[Result "1-0"]
[WhiteElo "2067"]
[BlackElo "2154"]
[EventDate "2023.10.14"]
[EventType "swiss"]
[EventRounds "9"]
[EventCountry "DEN"]
[SourceTitle "Live v. Obro Skakforening"]

1. d4   Nf6  2. c4   c5  3. d5   b5  4. cxb5   a6  5. e3   axb5  6. Bxb5   Qa5+  7. Nc3   Bb7  8. Bd2   g6  9. a4   Qc7  10. Nf3  10... Bg7  11. O-O   O-O  12. e4   Na6  13. Bg5   h6  14. Bh4   d6  15. Nd2   Qc8  16. Nc4   Qd8  17. h3   Nc7  18. Qd3   Ba6  19. Bg3   Nh5  20. Bxa6  20... Nxg3  21. Qxg3   Rxa6  22. Nb5   Qd7  23. Nxc7   Qxc7  24. Ra3   Rb8  25. b3   Qb7  26. Kh1   Qb4  27. f4   Bb2  28. Ra2   Bd4  29. Ra3   Bb2  30. Ra2  30... Bd4  31. Ra3   Qc3  32. Qxc3   Bxc3  33. Rf3   Bd4  34. h4   Re8  35. e5   Kg7  36. Ra2   g5  37. g3   gxf4  38. gxf4   Rd8  39. Rg3+   Kh8  40. exd6  40... exd6  41. Re2   Bf6  42. h5   Ra7  43. Kg2   Rb7  44. Kf1   Rb4  45. Ree3   Kh7  46. Ke2   Rb7  47. Kd1   Bg7  48. Kc2   Bf8  49. Re4   Ra8  50. f5  50... Be7  51. Rge3   Bg5  52. Re8   Ra6  53. Re2   Rb4  54. R2e4   Rb7  55. Rc8   Rd7  56. Ree8   Kg7  57. Ra8   Rxa8  58. Rxa8   Kf6  59. a5   Kxf5  60. a6  60... Ke4  61. Nb6   Rc7  62. Re8+   Kd4  63. Nc8   c4  64. b4  1-0